000 00607nam a2200193 a 4500
001 000007814
005 20200929154315.0
008 090911s2009 dr 000 0 spa d
020 _a9789945410518
040 _aDO-SdBNP
_bspa
_cBNPHU
082 _a461.52
_bC112o
100 1 _aCabanes, Santiago
_919991
245 1 0 _aOrtografía básica de la lengua española /
_cSantiago Cabanes.
260 _aSanto Domingo :
_bLetra Gráfica,
_c2009.
300 _a111 p. ;
_c22 cm.
590 _aInventariado, 2018/LP
650 4 _aEspañol
_xOrtografía
_xEnseñanza
_91228
910 _aValidado. Control de calidad MFF
999 _c7592
_d7592